European Actresses - Sudden Death - Statistics

General Stats
  • This quiz has been taken 81 times
  • The average score is 7 of 14
Answers on the Grid
Answers color-coded by a green-red scale on the quiz's grid according to % correct below.
Adria Arjona
Alicia Vikander
Angelina Jolie
Brigitte Bardot
Cate Blanchett
Catherine Zeta-Jones
Charlize Theron
Emma Watson
Eva Mendes
Famke Janssen
Gal Gadot
Helen Mirren
Jodie Foster
Juliette Binoche
Margot Robbie
Maria Bakalova
Marion Cotillard
Meryl Streep
Monica Bellucci
Natalie Portman
Nicole Kidman
Olga Kurylenko
Penélope Cruz
Priyanka Chopra
Rebecca Ferguson
Salma Hayek
Scarlett Johansson
Vanessa Kirby
 
Answer Stats
Answer % Correct
Brigitte Bardot
73%
Emma Watson
73%
Monica Bellucci
65%
Catherine Zeta-Jones
58%
Marion Cotillard
58%
Helen Mirren
56%
Juliette Binoche
52%
Penélope Cruz
52%
Alicia Vikander
46%
Famke Janssen
42%
Olga Kurylenko
38%
Maria Bakalova
37%
Rebecca Ferguson
23%
Vanessa Kirby
23%
No matching quizzes found
Score Distribution
Percent of People with Each Score
Percentile by Number Answered
Your Score History
You have not taken this quiz